Ont-ils déjà joué avec... Fanny Ardant ? - Statistiques

Statistiques générales
  • Ce quiz a été pris 5 fois
  • Le résultat moyen est 1 sur 10
Answers on the Grid
Answers color-coded by a green-red scale on the quiz's grid according to % correct below.
Vincent Dedienne
Michèle Morgan
Alain Souchon
Emmanuelle Seigner
Adèle Haenel
Bérénice Bejo
Gad Elmaleh
Dieudonné
George Clooney
Yves Montand
Victor Lanoux
John Malkovich
Josiane Balasko
Benoît Poelvoorde
Jean-Pierre Léaud
André Dussollier
Bernard Campan
Michèle Laroque
Eric Elmosnino
Géraldine Chaplin
 
Statistiques - réponses
Réponse % Correct
Josiane Balasko
75%
André Dussollier
25%
Michèle Laroque
25%
Benoît Poelvoorde
0%
Bernard Campan
0%
Eric Elmosnino
0%
Géraldine Chaplin
0%
Jean-Pierre Léaud
0%
John Malkovich
0%
Victor Lanoux
0%
Aucun quiz correspondant
Distribution des résultats
% des personnes avec chaque résultat
Percentile par nombre de réponses
Votre historique - résultats
Vous n’avez pas pris ce quiz